000 01013nam a2200277 a 4500
001 BRCA_1776
005 20190320203538.0
008 930216s1989 sp-a---##b---#001-0#spa-#
020 _a8486022352
040 _aDLC
_cDLC
_dDLC
050 4 _aN8214.5
_b.S47 1989
100 1 _aSerrera Contreras, Juan Miguel
_95528
245 1 0 _aIconografía de Sevilla
_b1650-1790
_ctextos Juan Miguel Serrera, Alberto Oliver ; selección y catálogo Javier Portús.
260 _aMadrid
_bEl Viso : Fundación Fondo de Cultura de Sevilla
_c1989
300 _a292 p.
_bil. (algunas a color)
_c30 cm.
500 _aIncluye índice onomástico
500 _aColección Sonia Corcuera de Mancera
504 _aBibliografía: p. 283-287
650 1 4 _aArte español
_vCatálogos
_ySiglo XVII-XVIII
_95529
651 4 _aSevilla (España)
_vCatálogos
_xEn arte
_95530
651 4 _aSevilla (España)
_xHistoria
_95531
700 1 _aOliver, Alberto
_95532
700 1 _aPortús Pérez, Javier
_95533
902 _aDSC
942 _2lcc
_cB
999 _c1558
_d1558